Biblioteca

Relaciones humanas en el núcleo familiar / Virginia Satir ; Hans A. Ritter, María Elena M. de Carbajal, Traductores (Registro nro. 32585)

Detalles MARC
000 -LÍDER
Campo fijo de descripción fija 011920000a22002170004500
020 ## - NÚMERO INTERNACIONAL NORMALIZADO PARA LIBROS
Número Internacional Normalizado del libro 968-6055-01-0
041 0# - CÓDIGO DE IDIOMA
Código de idioma para texto/pista de sonido o título separado
082 04 - NÚMERO DE CLASIFICACIÓN DECIMAL DEWEY
Número de clasificación G 173 S2534r
001 - NÚMERO DE CONTROL
Campo de control 1262
100 1# - ASIENTO PRINCIPAL--NOMBRE PERSONAL
Nombre personal Satir, Virginia
245 10 - TÍTULO
Título del Material Relaciones humanas en el núcleo familiar / Virginia Satir ; Hans A. Ritter, María Elena M. de Carbajal, Traductores
260 ## - PUBLICACIÓN, DISTRIBUCIÓN, ETC. (PIE DE IMPRENTA)
Lugar de publicación, distribución, etc. México D.F., México : Pax-México
300 ## - DESCRIPCIÓN FÍSICA
Extensión 299 Pag.
336 ## - CONTENT TYPE
Content type term texto
Content type code txt
Source rdacontent
337 ## - MEDIA TYPE
Source rdamedia
Media type term sin mediación
Media type code n
338 ## - CARRIER TYPE
Source rdacarrier
Carrier type term volumen
Carrier type code nc
500 ## - NOTA GENERAL
Nota General Título original : Peoplemaking
505 00 - NOTA DE CONTENIDO
Nota de contenido con formato preestablecido Introducción -- ¿cómo es tu familia? -- la autoestima: la olla que nadie vigila -- comunicación: hablar y escuchar -- patrones de comunicación -- juegos de comunicación -- las normas con las que vives -- sistemas ¿abiertos o cerrados? -- la pareja -- tu mapa familiar -- el bote de lombrices en acción -- familias especiales: de un solo padre y mixtas -- el diseño de tu familia: algunos elementos esenciales -- la ingeniería familiar -- la familia extendida -- la familia dentro de la sociedad -- la familia del futuro
650 14 - ASIENTO SECUNDARIO DE MATERIA - TERMINO TEMÁTICO
Término temático o nombre geográfico como elemento de entrada FAMILIA \ RELACIONES HUMANAS \ PADRES E HIJOS
942 ## - TIPO DE MATERIAL (KOHA)
Tipo de Item KOHA Libros General
Existencias
Estado de Material Estado de Perdido Estado de Dañado No para Préstamo Colección Tomo Biblioteca de Origen Biblioteca Permanente Fecha de Adquisición Total de Préstamos Signatura Topográfica Código de Barras Última vez visto Última vez Préstado Ejemplar/Existencia Fecha de Remplazo Tipo de Material
        Colección General   Biblioteca FUSBC Biblioteca FUSBC 12/10/2004 1 G 173 S2534r 729 12/12/2019 02/04/2016 1 26/01/2016 Libros General

Biblioteca FUSBC | Teléfono: (57+4) 349 88 10 Ext. 141| WhatsApp (+57) 3005338115 
E-mail: biblioteca@unisbc.edu.co | Calle 76 87-14 Robledo Palenque, Medellín, Colombia

Con tecnología Koha